| 000 | 00487nam a22001697a 4500 | ||
|---|---|---|---|
| 999 |
_c40590 _d40590 |
||
| 003 | OSt | ||
| 005 | 20201125110855.0 | ||
| 008 | 191014b ||||| |||| 00| 0 eng d | ||
| 020 | _a9788182671805 | ||
| 040 | _coclc | ||
| 082 |
_a894.8123 _bSUR/J |
||
| 100 |
_aSurendran, P _9540 |
||
| 245 |
_aJinasalabhangalude Veedu / _cP Surendran |
||
| 260 |
_aKozhikode: _bMathrubhumi Books, _c2017. |
||
| 300 | _a111p | ||
| 942 |
_2ddc _cBK _h894.8123 _iSUR/J _k894.8123 _mSUR/J |
||